Trendy vo vnímaní a šírení mediálneho obsahu

Nárast nedôvery k médiám. Zmena žurnalistického konceptu. Personalizované médiá. Generácia Z a nové vnímanie mediálneho obsahu.

Enregistré dans:
Détails bibliographiques
Auteur principal: Holetzová, Katarína
Format: Chapitre de livre
Langue:slovaque
Sujets:
Tags: Ajouter un tag
Pas de tags, Soyez le premier à ajouter un tag!

MARC

LEADER 00000naa a2200000 4500
001 0245567
005 20221104111820.1
041 0 |a slo 
044 |a SK 
245 1 0 |a Trendy vo vnímaní a šírení mediálneho obsahu  |c Katarína Holetzová 
520 |a Nárast nedôvery k médiám. Zmena žurnalistického konceptu. Personalizované médiá. Generácia Z a nové vnímanie mediálneho obsahu. 
610 2 0 |a žurnalistika 
610 2 0 |a médiá 
610 2 0 |a mienka verejná 
100 1 |a Holetzová, Katarína